000 00536nam a2200181 i 4500
001 56659
003 ES-MaACL
005 20250910063059.0
007 t|
008 031010s1932 po ||||1| por d
080 _a821.134.3-31"18"
100 1 _aDinis, Júlio,
_d1839-1871
_9164306
245 1 4 _aUma familía inglesa
_b: scenas da vida do Porto /
_cJulio Diniz.
260 _aLisboa :
_bJ. Rodrigues,
_c1932 (
_fCentro Tip. Colonial)
300 _a467 p. ;
_c19 cm.
852 _aES-MaACL
_jA-2306
999 _c56659
_d56659